000 00555nam a2200193 a 4500
001 000039921
005 20240305135410.0
008 130730s1969 ag 000 0 spa d
040 _aDO-SdBNP
_bspa
_cBNPHU
100 1 _aGarcía Márquez, Gabriel,
_b1928-2014
_91804
245 1 4 _aLos funerales de la mamá grande /
_cGabriel García Márquez.
250 _a5a ed.
260 _aBuenos Aires :
_bSudamericana,
_c1969.
300 _a147 p. ;
_c19 cm.
490 1 _aÍndice
490 1 _aFicción
830 0 _aÍndice
_960553
830 0 _aFicción
_921922
999 _c39411
_d39411